Geography Quiz

Random Geography or World Quiz

Is It That Country? Quiz Stats

 Plays Quiz Updated Jul 2, 2018

Challenge
Share
Tweet
Score 0/30 Timer 06:00
0 Plays Today
% Correct
Yes! (Brazil)
98.2%
Of course not! (France)
94.4%
Yes! (San Marino)
83%
No! (Philippines)
82.8%
Yes! (Mozambique)
82.5%
Yes! (Latvia)
82.1%
Yes! (Yemen)
80.6%
Yes! (eSwatini)
80.2%
Yes! (Kosovo)
79.8%
Yes! (Slovenia)
79.3%
No! (Bolivia)
78.8%
Yes! (Chad)
78.4%
Yes! (Honduras)
78.2%
Yes! (Togo)
76.6%
Yes! (Suriname)
76.1%
% Correct
No! (Nepal)
76%
No! (Namibia)
68.5%
Yes! (Azerbaijan)
67.9%
No! (Belgium)
67.2%
No! (Jordan)
65.2%
Yes! (Fiji)
64.7%
No! (Haiti)
63.6%
No! (Slovakia)
61.5%
Yes! (Vanuatu)
60.8%
No! (Laos)
58.2%
No! (São Tomé and Príncipe)
53.1%
No! (Guinea-Bissau)
44.4%
No! (Tajikistan)
32.6%
No! (Barbados)
29.1%
No! (Kiribati)
20.1%

You're not logged in!

Compare scores with friends on all Sporcle quizzes.
OR
Log In

You Might Also Like...

Show Comments

Extras

Top Quizzes Today


Score Distribution

Your Account Isn't Verified!

In order to create a playlist on Sporcle, you need to verify the email address you used during registration. Go to your Sporcle Settings to finish the process.

Report this User

Report this user for behavior that violates our Community Guidelines.

Details: